000 00987cad a22002175a 4500
001 L155312
008 120424s20120420xxk f 000 0 eng d
035 _a(Sirsi) u155312
041 0 _aeng
110 2 _aKnight Frank
_91530
245 0 0 _aHouse prices fall further in April but are expected to recover over coming year
_h[electronic resource]
260 _aLondon
_bKnight Frank
_b2012
490 0 _aKnight Frank/Markit House Price Sentiment Index
_vApril 2012
520 _aUK households perceive a decline in value of their homes. Lower prices recorded in ten out of 11 regions with the exception of London. Year ahead outlook for house prices remains positive.
590 _aKA NTK
651 4 _aUnited Kingdom
_y
690 _aResidential property
_96266
710 _aMarkit
_95915
856 4 0 _uhttps://www.knightfrank.com/news/Knight-Frank-Markit-House-Price-Sentiment-Index-(HPSI)-?-APRIL-2012-0904.aspx
_zView this item free of charge at www.knightfrank.com
942 _n0
999 _c113474
_d113474